00554nam a2200181 a 450000100060000000300090000600800410001502000150005604000280007108200160009910000220011524501250013726000330026230000110029565000250030665000290033165000120036016798CO-ViMGA141112s2004 ck r 000 u spa d a9586824179 aCO-ViMGAbspacCO-ViMGA04a338.2 R611p1 aRobb, Caroline M.10a¿Pueden los pobres influenciar las políticas? : bEvaluaciones participativas de la pobreza en el mundo en desarrollo aMexico , cAlfaOmega, c2002 a205.p.14aDESARROLLO ECONOMICO14aEconomía INTERNACIONAL14aPOBREZA